[Event "Contrecoeur op U2000"]
[Site "Contrecoeur CAN"]
[Date "2019.11.02"]
[Round "3.1"]
[White "Simard, Francois"]
[Black "Mangahas, Ronald"]
[Result "0-1"]
[WhiteElo "1788"]
[BlackElo "1869"]
[PlyCount "46"]
[EventDate "2019.11.01"]
[EventType "swiss"]
[EventRounds "5"]
[EventCountry "CAN"]

1. d4 Nf6 2. Nf3 g6 3. Bg5 Bg7 4. c3 O-O 5. Qc1 d6 6. Bh6 Nc6 7. Bxg7 Kxg7 8.
Nbd2 e5 9. dxe5 dxe5 10. e3 Bf5 11. Bb5 Qe7 12. Bxc6 bxc6 13. O-O c5 14. Rd1
Bd3 15. Nf1 e4 16. c4 Bxf1 17. Kxf1 exf3 18. gxf3 Rfd8 19. Qc3 Rd6 20. Ke2 Rad8
21. Qa5 Qd7 22. Rg1 Rd2+ 23. Kf1 Qh3+ 0-1

[Event "Contrecoeur op U2000"]
[Site "Contrecoeur CAN"]
[Date "2019.11.02"]
[Round "3.2"]
[White "Mathieu, Guillaume"]
[Black "Guillemette, Hugo"]
[Result "1/2-1/2"]
[WhiteElo "1864"]
[BlackElo "1768"]
[PlyCount "109"]
[EventDate "2019.11.01"]
[EventType "swiss"]
[EventRounds "5"]
[EventCountry "CAN"]

1. d4 d5 2. Nf3 c5 3. c3 cxd4 4. cxd4 Nc6 5. Nc3 Nf6 6. Bg5 Bg4 7. e3 e6 8. Rc1
Be7 9. Bd3 Rc8 10. O-O O-O 11. h3 Bh5 12. Be2 h6 13. Bh4 Nd7 14. Bg3 Nb6 15.
Nd2 Bg6 16. Na4 Nxa4 17. Qxa4 Qb6 18. Qb5 Qa5 19. Qxa5 Nxa5 20. a3 Bc2 21. b4
Nb3 22. Nxb3 Bxb3 23. f3 Rfd8 24. Kf2 Bf6 25. Bd3 Bc4 26. Ke2 b5 27. Rc3 a6 28.
Rfc1 Rc6 29. Kd2 Rdc8 30. Be5 Bxe5 31. dxe5 Kf8 32. e4 d4 33. R3c2 Ke7 34. a4
Kd7 35. a5 Bb3 36. Rxc6 Rxc6 37. Rxc6 Kxc6 38. f4 Bc4 39. g3 g6 40. Be2 Kd7 41.
g4 Kc6 42. h4 Kd7 43. Bd3 Kc6 44. Be2 Kd7 45. Bf3 Kc7 46. g5 h5 47. f5 Kd7 48.
f6 Ke8 49. Bd1 Kd7 50. Be2 Kd8 51. Bd1 Kd7 52. Be2 Kd8 53. Bd1 Kd7 54. Be2 Kd8
55. Bd1 1/2-1/2

[Event "Contrecoeur op U2000"]
[Site "Contrecoeur CAN"]
[Date "2019.11.02"]
[Round "3.3"]
[White "Wang, Rachel"]
[Black "Latorre, Vincent"]
[Result "0-1"]
[WhiteElo "1752"]
[BlackElo "1852"]
[PlyCount "36"]
[EventDate "2019.11.01"]
[EventType "swiss"]
[EventRounds "5"]
[EventCountry "CAN"]

1. d4 d5 2. c4 c6 3. Nc3 Nf6 4. Nf3 e6 5. Bg5 Be7 6. e3 O-O 7. Rc1 Nbd7 8. Bd3
Re8 9. cxd5 exd5 10. O-O Ne4 11. Bxe7 Qxe7 12. Qc2 f5 13. Rb1 b6 14. b4 Bb7 15.
Rfc1 Rac8 16. Qb3 Nxf2 17. Bxf5 Qxe3 18. Nd1 Nh3+ 0-1

[Event "Contrecoeur op U2000"]
[Site "Contrecoeur CAN"]
[Date "2019.11.02"]
[Round "3.4"]
[White "Gerard, Patrice"]
[Black "Mercure, Gilbert"]
[Result "0-1"]
[WhiteElo "1726"]
[BlackElo "1802"]
[PlyCount "52"]
[EventDate "2019.11.01"]
[EventType "swiss"]
[EventRounds "5"]
[EventCountry "CAN"]

1. e4 d5 2. Nf3 Bg4 3. exd5 Nf6 4. Bb5+ Nbd7 5. c4 a6 6. Ba4 b5 7. cxb5 Nxd5 8.
bxa6 Rxa6 9. Qb3 Re6+ 10. Kf1 N5b6 11. Nd4 Re4 12. Qd3 Qa8 13. Bc6 Rxd4 14.
Qxd4 Qxc6 15. Na3 Bf5 16. b3 e5 17. Qc3 Qd6 18. Bb2 Be7 19. Kg1 Bd3 20. h4 Bf6
21. Qa5 O-O 22. Nc4 Bxc4 23. Ba3 c5 24. bxc4 Ra8 25. Bxc5 Qc6 26. Qb4 Qxc5 0-1

[Event "Contrecoeur op U2000"]
[Site "Contrecoeur CAN"]
[Date "2019.11.02"]
[Round "3.5"]
[White "Kozlov, Guennadi"]
[Black "Letarte-Lavoie, Francis"]
[Result "0-1"]
[WhiteElo "1713"]
[BlackElo "1703"]
[PlyCount "104"]
[EventDate "2019.11.01"]
[EventType "swiss"]
[EventRounds "5"]
[EventCountry "CAN"]

1. c4 Nf6 2. g3 e5 3. Bg2 Nc6 4. a3 a5 5. Nc3 Bc5 6. e3 O-O 7. Nge2 Re8 8. O-O
Bf8 9. d4 d6 10. d5 Ne7 11. Rb1 g6 12. b4 axb4 13. axb4 Bg7 14. e4 Nh5 15. f4
exf4 16. gxf4 Bg4 17. Qc2 Qd7 18. Qd3 f5 19. Bb2 fxe4 20. Nxe4 Nf5 21. Bf3 Nh4
22. Bxg4 Qxg4+ 23. N4g3 Qh3 24. Rf2 Bxb2 25. Rxb2 Qg4 26. Rb1 Ra2 27. Re1 Nf5
28. Qf3 Qxf3 29. Rxf3 Nhxg3 30. hxg3 Rexe2 31. Rxe2 Rxe2 32. Rc3 Re3 33. Rc1
Rxg3+ 34. Kf2 Rb3 35. b5 Kf7 36. Ra1 Rc3 37. Ra7 Rxc4 38. Rxb7 Kf6 39. b6 cxb6
40. Rxb6 Rxf4+ 41. Kg1 h5 42. Rb8 Rd4 43. Rf8+ Kg5 44. Re8 Rxd5 45. Re2 h4 46.
Kg2 Re5 47. Rd2 Kg4 48. Kh2 d5 49. Ra2 Re4 50. Rd2 d4 51. Rg2+ Ng3 52. Kg1 Re1+
0-1

[Event "Contrecoeur op U2000"]
[Site "Contrecoeur CAN"]
[Date "2019.11.02"]
[Round "3.6"]
[White "Mathieu, Jeremie"]
[Black "Sonn, Eric"]
[Result "1-0"]
[WhiteElo "1701"]
[BlackElo "1540"]
[PlyCount "54"]
[EventDate "2019.11.01"]
[EventType "swiss"]
[EventRounds "5"]
[EventCountry "CAN"]

1. e4 c5 2. c4 e6 3. Nc3 Nc6 4. g3 a6 5. Bg2 Nge7 6. Nge2 Nd4 7. d3 Nec6 8. Be3
Be7 9. O-O Rb8 10. a4 O-O 11. f4 Nxe2+ 12. Qxe2 d6 13. f5 Bf6 14. Qh5 Nd4 15.
Bxd4 cxd4 16. Ne2 b5 17. axb5 axb5 18. b3 bxc4 19. bxc4 Rb2 20. h4 exf5 21.
exf5 Qe7 22. Nf4 Bb7 23. Rae1 Be5 24. Bxb7 Qxb7 25. Qf3 Qb3 26. Rf2 Rxf2 27.
Kxf2 Ra8 1-0

[Event "Contrecoeur op U2000"]
[Site "Contrecoeur CAN"]
[Date "2019.11.02"]
[Round "3.7"]
[White "He, Zekai"]
[Black "Alcantara, Maximo jr"]
[Result "0-1"]
[WhiteElo "1651"]
[BlackElo "1697"]
[PlyCount "66"]
[EventDate "2019.11.01"]
[EventType "swiss"]
[EventRounds "5"]
[EventCountry "CAN"]

1. e4 Nc6 2. Nf3 e5 3. Bc4 Be7 4. d3 Bf6 5. O-O Nge7 6. c3 Na5 7. Bb3 Nxb3 8.
Qxb3 c5 9. Nbd2 d6 10. a3 O-O 11. Qd1 g6 12. h3 b5 13. Re1 Bg7 14. Nb3 Nc6 15.
Be3 f5 16. Bg5 Qc7 17. exf5 Bxf5 18. Qd2 Bxh3 19. gxh3 Rxf3 20. Kg2 Raf8 21.
Bh4 Qf7 22. Nc1 Qf5 23. Bg3 Ne7 24. c4 h5 25. Re4 bxc4 26. Rxc4 g5 27. b4 h4
28. Qa2 d5 29. Rc2 hxg3 30. fxg3 e4 31. dxe4 Qxe4 32. Re2 Rf2+ 33. Kg1 Qg2# 0-1

[Event "Contrecoeur op U2000"]
[Site "Contrecoeur CAN"]
[Date "2019.11.02"]
[Round "3.8"]
[White "Gauthier, Denis"]
[Black "He, Jiaqi"]
[Result "1-0"]
[WhiteElo "1836"]
[BlackElo "1626"]
[PlyCount "111"]
[EventDate "2019.11.01"]
[EventType "swiss"]
[EventRounds "5"]
[EventCountry "CAN"]

1. d4 Nf6 2. c4 g6 3. Nc3 Bg7 4. e4 d6 5. Bd3 O-O 6. Nge2 c5 7. d5 Re8 8. O-O
e6 9. Bg5 a6 10. a4 Nbd7 11. Bc2 Ne5 12. b3 Qc7 13. h3 Ned7 14. f4 Rb8 15. a5
exd5 16. cxd5 b5 17. axb6 Rxb6 18. Rb1 a5 19. Bh4 Ba6 20. Re1 Nh5 21. Qd2 Rc8
22. Bf2 Rbb8 23. Bd3 Bxd3 24. Qxd3 Re8 25. Nb5 Qb6 26. Na3 Qc7 27. Nc4 Rb4 28.
Be3 a4 29. bxa4 Rxa4 30. Rb3 Rea8 31. Reb1 Ra1 32. Kh2 Rxb1 33. Qxb1 Rb8 34.
Rxb8+ Nxb8 35. Qb5 Nf6 36. Nc3 Nfd7 37. Bd2 Bd4 38. Ne2 Bg7 39. Ba5 Qa7 40.
Nxd6 Qa6 41. Qxa6 Nxa6 42. Kg3 f6 43. Kf3 Kf8 44. Ke3 Ke7 45. Nc4 h6 46. g4
Nab8 47. Bc3 Na6 48. e5 fxe5 49. fxe5 Nb4 50. Ke4 Na2 51. Bb2 Nb4 52. d6+ Ke8
53. Nf4 g5 54. Nd5 Nc6 55. Nc7+ Kf8 56. Ne6+ 1-0

[Event "Contrecoeur op U2000"]
[Site "Contrecoeur CAN"]
[Date "2019.11.02"]
[Round "3.9"]
[White "Mai, Deren"]
[Black "Levasseur, Sylvain"]
[Result "1/2-1/2"]
[WhiteElo "1638"]
[BlackElo "1562"]
[PlyCount "82"]
[EventDate "2019.11.01"]
[EventType "swiss"]
[EventRounds "5"]
[EventCountry "CAN"]

1. e4 e5 2. Nf3 Nc6 3. Bc4 Bc5 4. O-O d6 5. h3 h6 6. c3 Nf6 7. d4 exd4 8. cxd4
Bb6 9. Re1 O-O 10. Nc3 a6 11. Be3 Ba7 12. Qd2 b5 13. Bd3 Re8 14. a3 Bb7 15.
Rad1 Ne7 16. Bxh6 Ng6 17. Bg5 Qd7 18. Bxf6 gxf6 19. Bb1 Kg7 20. Nh2 Rad8 21. f4
Rh8 22. f5 Ne5 23. Kh1 Nc6 24. Ne2 Rdg8 25. Ng4 Qd8 26. Ba2 Qe7 27. Bd5 Kf8 28.
Qf4 Rh4 29. Kg1 Rg5 30. Qf2 Rh7 31. Rc1 Na5 32. Bxb7 Nxb7 33. Nf4 Rxg4 34. hxg4
Qd8 35. Kf1 c5 36. d5 Qe7 37. Nh3 Na5 38. b4 cxb4 39. Rc8+ Kg7 40. Qd2 Nc4 41.
Rxc4 bxc4 1/2-1/2

[Event "Contrecoeur op U2000"]
[Site "Contrecoeur CAN"]
[Date "2019.11.02"]
[Round "3.10"]
[White "Hu, Raymond"]
[Black "Lepine, Yannick"]
[Result "1-0"]
[WhiteElo "1512"]
[BlackElo "1632"]
[PlyCount "77"]
[EventDate "2019.11.01"]
[EventType "swiss"]
[EventRounds "5"]
[EventCountry "CAN"]

1. e4 c5 2. Nf3 d6 3. d4 cxd4 4. Nxd4 Nf6 5. Nc3 Nc6 6. Bc4 g6 7. Be3 Bg7 8. f3
O-O 9. h4 Na5 10. Bb3 Nxb3 11. Nxb3 Be6 12. Nd4 a6 13. Qd2 Qa5 14. Bh6 Rac8 15.
Bxg7 Kxg7 16. g4 h5 17. g5 Nd7 18. f4 Bg4 19. Rf1 Nb6 20. Nb3 Qb4 21. f5 Kh7
22. a3 Qc4 23. f6 e6 24. Qxd6 Na4 25. Nd2 Qc5 26. Qxc5 Nxc5 27. Nf3 Kg8 28.
O-O-O Rfd8 29. Rxd8+ Rxd8 30. Ne5 Bh3 31. Rd1 Rd4 32. Rd2 Rxd2 33. Kxd2 Bg2 34.
Ke3 b5 35. Nd3 Nb7 36. Nb4 a5 37. Nd3 Nd6 38. Kd4 Kf8 39. Kc5 1-0

[Event "Contrecoeur op U2000"]
[Site "Contrecoeur CAN"]
[Date "2019.11.02"]
[Round "3.11"]
[White "Adam, Rafael"]
[Black "Laberge, Luc"]
[Result "1-0"]
[WhiteElo "1678"]
[BlackElo "1518"]
[PlyCount "80"]
[EventDate "2019.11.01"]
[EventType "swiss"]
[EventRounds "5"]
[EventCountry "CAN"]

1. d4 Nf6 2. Bg5 e6 3. e3 h6 4. Bh4 g5 5. Bg3 Ne4 6. Bd3 Nxg3 7. hxg3 d5 8. Nf3
Nc6 9. c3 Bd7 10. Nbd2 Bg7 11. e4 Qe7 12. e5 O-O-O 13. g4 f6 14. Qe2 fxe5 15.
dxe5 Qf7 16. g3 Rdf8 17. b4 d4 18. cxd4 Nxb4 19. Be4 Bc6 20. a3 Bxe4 21. Qxe4
Nd5 22. Rc1 h5 23. Rf1 Qe7 24. Nc4 hxg4 25. Qxg4 Rf5 26. Nd6+ Kb8 27. Nxf5 exf5
28. Qxf5 Qxa3 29. Ke2 Nc3+ 30. Kd2 Nd5 31. Qd3 Qb4+ 32. Ke2 g4 33. Nd2 Rh2 34.
Qc4 Qa5 35. Nb3 Qa6 36. Qxa6 bxa6 37. Nc5 Kc8 38. Nxa6 Bh6 39. Rc5 Kb7 40. Rxd5
Kxa6 1-0

[Event "Contrecoeur op U2000"]
[Site "Contrecoeur CAN"]
[Date "2019.11.03"]
[Round "4.1"]
[White "Mangahas, Ronald"]
[Black "Craciun, David"]
[Result "1-0"]
[WhiteElo "1869"]
[BlackElo "1771"]
[PlyCount "95"]
[EventDate "2019.11.01"]
[EventType "swiss"]
[EventRounds "5"]
[EventCountry "CAN"]

1. e4 e5 2. Nf3 Nc6 3. d4 exd4 4. Nxd4 Bc5 5. Nb3 Bb6 6. Bd3 d6 7. O-O Nf6 8.
Nc3 Bg4 9. Qe1 Ne5 10. Na4 O-O 11. Nxb6 axb6 12. Bg5 h6 13. Bh4 g5 14. Bg3 Re8
15. f4 Nxd3 16. cxd3 d5 17. fxg5 hxg5 18. Qf2 dxe4 19. Qxf6 Qxf6 20. Rxf6 exd3
21. Rf2 c5 22. Rd2 c4 23. Nd4 Ra5 24. a3 Rd5 25. Nf3 f6 26. Re1 Kf7 27. Rxe8
Kxe8 28. Bc7 b5 29. Ba5 Ke7 30. Bc3 Bd7 31. Kf2 g4 32. Nh4 Kf7 33. Ke3 Rh5 34.
g3 Rh8 35. Rf2 Re8+ 36. Kd2 Re6 37. Nf5 Kg6 38. Ne3 Rd6 39. Rf4 f5 40. Rd4 Rxd4
41. Bxd4 Kf7 42. Be5 Ke6 43. Bf4 Bc6 44. Kc3 Bd5 45. Kd4 Bf3 46. Nf1 Bg2 47.
Nd2 b6 48. a4 1-0

[Event "Contrecoeur op U2000"]
[Site "Contrecoeur CAN"]
[Date "2019.11.03"]
[Round "4.2"]
[White "Letarte-Lavoie, Francis"]
[Black "Mercure, Gilbert"]
[Result "1-0"]
[WhiteElo "1703"]
[BlackElo "1802"]
[PlyCount "85"]
[EventDate "2019.11.01"]
[EventType "swiss"]
[EventRounds "5"]
[EventCountry "CAN"]

1. e4 d5 2. exd5 Nf6 3. Nf3 Bg4 4. h3 Bxf3 5. Qxf3 Qxd5 6. Qxd5 Nxd5 7. Bc4 Nb6
8. Bb3 c5 9. d3 Nc6 10. O-O e6 11. Na3 Nd4 12. Be3 Nxb3 13. axb3 a6 14. b4 Rc8
15. bxc5 Bxc5 16. Bxc5 Rxc5 17. Rfe1 Kd7 18. Re4 Nd5 19. Nc4 f6 20. Rd4 Kc7 21.
Ra5 b5 22. Ne3 Kb6 23. Nxd5+ Rxd5 24. Rxd5 exd5 25. Ra1 Rc8 26. Rc1 d4 27. Kf1
b4 28. Ke2 b3 29. Kd2 Kb5 30. c4+ Kb4 31. Re1 Rc5 32. Re4 a5 33. Rxd4 a4 34.
Rd7 Ra5 35. Rb7+ Kc5 36. Kc3 Kc6 37. Rxg7 Re5 38. Ra7 Re2 39. Rxa4 Rxf2 40.
Kxb3 h5 41. Ra5 f5 42. Ra6+ Kc5 43. Kc3 1-0

[Event "Contrecoeur op U2000"]
[Site "Contrecoeur CAN"]
[Date "2019.11.03"]
[Round "4.3"]
[White "Latorre, Vincent"]
[Black "Mathieu, Guillaume"]
[Result "1-0"]
[WhiteElo "1852"]
[BlackElo "1864"]
[PlyCount "67"]
[EventDate "2019.11.01"]
[EventType "swiss"]
[EventRounds "5"]
[EventCountry "CAN"]

1. e4 c6 2. d4 d5 3. e5 Bf5 4. h4 h6 5. g4 Bh7 6. e6 fxe6 7. Bd3 g6 8. g5 Nd7
9. h5 e5 10. hxg6 e4 11. gxh7 Qa5+ 12. Bd2 Qb6 13. hxg8=Q Rxg8 14. Be2 hxg5 15.
Bh5+ Kd8 16. Bc3 Bg7 17. Qd2 e3 18. Qxe3 Kc7 19. Nd2 e5 20. Nb3 a5 21. a4 exd4
22. Bxd4 Bxd4 23. Qxd4 c5 24. Qxd5 Qb4+ 25. c3 Rae8+ 26. Ne2 Qf4 27. Nxa5 Qe4
28. Qxe4 Rxe4 29. Bf3 Re7 30. Nc4 g4 31. Ne3 Rxe3 32. fxe3 gxf3 33. Nf4 Ne5 34.
Kf2 1-0

[Event "Contrecoeur op U2000"]
[Site "Contrecoeur CAN"]
[Date "2019.11.03"]
[Round "4.4"]
[White "Alcantara, Maximo jr"]
[Black "Mathieu, Jeremie"]
[Result "1-0"]
[WhiteElo "1697"]
[BlackElo "1701"]
[PlyCount "103"]
[EventDate "2019.11.01"]
[EventType "swiss"]
[EventRounds "5"]
[EventCountry "CAN"]

1. Nf3 Nf6 2. d4 g6 3. g3 Bg7 4. Bg2 O-O 5. O-O d5 6. Re1 e6 7. c3 c6 8. Nbd2
Nbd7 9. e4 Nxe4 10. Nxe4 dxe4 11. Rxe4 Nf6 12. Re1 a5 13. Bg5 a4 14. a3 h6 15.
Bf4 Nd5 16. Bd2 b5 17. Ne5 Bb7 18. h4 Qc7 19. Bxd5 exd5 20. Qf3 Kh7 21. h5 Bc8
22. Nd3 g5 23. Ne5 Be6 24. Qd3+ Kg8 25. f4 f6 26. Ng6 Rfe8 27. f5 Bd7 28. Kg2
Rxe1 29. Rxe1 Re8 30. Rxe8+ Bxe8 31. Qe2 Bxg6 32. hxg6 Qd7 33. g4 Bf8 34. Be1
Qe7 35. Qxe7 Bxe7 36. Bf2 Kg7 37. Kf3 Kg8 38. Ke2 Kf8 39. Kd3 Ke8 40. Bg3 Bf8
41. Bc7 Kd7 42. Bb8 Bg7 43. Kc2 Kc8 44. Bg3 Kb7 45. b3 Kb6 46. bxa4 bxa4 47.
Bd6 Kb5 48. Kd3 h5 49. gxh5 Bh6 50. Be7 Bg7 51. Bxf6 Bxf6 52. h6 1-0

[Event "Contrecoeur op U2000"]
[Site "Contrecoeur CAN"]
[Date "2019.11.03"]
[Round "4.5"]
[White "Guillemette, Hugo"]
[Black "Simard, Francois"]
[Result "0-1"]
[WhiteElo "1768"]
[BlackElo "1788"]
[PlyCount "105"]
[EventDate "2019.11.01"]
[EventType "swiss"]
[EventRounds "5"]
[EventCountry "CAN"]

1. e4 c5 2. Nf3 e6 3. b3 Nf6 4. e5 Nd5 5. Bb2 Nc6 6. g3 b6 7. Bg2 Bb7 8. O-O g6
9. d3 Bg7 10. Nbd2 d6 11. Nc4 dxe5 12. Ncxe5 O-O 13. Re1 Qc7 14. Qd2 Rad8 15.
Re2 Nde7 16. Rae1 Nxe5 17. Bxe5 Bxe5 18. Rxe5 Rd5 19. Rxd5 Bxd5 20. d4 Qb7 21.
Nh4 Bxg2 22. Nxg2 Rd8 23. c3 cxd4 24. cxd4 Nf5 25. Qg5 Qd5 26. Ne3 Nxd4 27.
Qxd5 Rxd5 28. Nxd5 Nf3+ 29. Kf1 Nxe1 30. Ne7+ Kf8 31. Nxg6+ hxg6 32. Kxe1 Ke7
33. Ke2 Kd6 34. Kd2 e5 35. g4 g5 36. f3 b5 37. b4 Ke6 38. Ke3 f5 39. h3 Kf6 40.
Kd3 f4 41. Kd2 Ke6 42. Kc2 Kd5 43. Kd3 e4+ 44. fxe4+ Ke5 45. Kd2 Kxe4 46. Ke2
f3+ 47. Kf2 Kf4 48. h4 gxh4 49. g5 Kxg5 50. Kxf3 Kf5 51. Kg2 Ke5 52. Kh3 Kd4
53. Kxh4 0-1

[Event "Contrecoeur op U2000"]
[Site "Contrecoeur CAN"]
[Date "2019.11.03"]
[Round "4.6"]
[White "Gauthier, Denis"]
[Black "Adam, Rafael"]
[Result "1-0"]
[WhiteElo "1836"]
[BlackElo "1678"]
[PlyCount "157"]
[EventDate "2019.11.01"]
[EventType "swiss"]
[EventRounds "5"]
[EventCountry "CAN"]

1. d4 Nf6 2. c4 e6 3. Nf3 Bb4+ 4. Nbd2 d5 5. Qa4+ Nc6 6. e3 O-O 7. Bd3 Be7 8.
a3 Bd7 9. Qc2 h6 10. O-O a5 11. b3 Re8 12. Bb2 Bf8 13. h3 Ne7 14. Ne5 c6 15. e4
b5 16. exd5 exd5 17. cxb5 cxb5 18. Rac1 Rc8 19. Qb1 Qb6 20. Ndf3 Be6 21. Rxc8
Rxc8 22. Rc1 a4 23. Rxc8 Nxc8 24. bxa4 bxa4 25. Qc2 Nd6 26. Bc1 Nfe4 27. Qxa4
Qc7 28. Qc6 Qxc6 29. Nxc6 f6 30. Kf1 Nc4 31. Nb4 Bxb4 32. axb4 Ned6 33. Nd2 Nb6
34. Nb3 Bd7 35. Nc5 Bb5 36. Bxb5 Nxb5 37. Be3 Kf7 38. Ke2 Ke7 39. Kd3 g5 40. g4
f5 41. f4 Kf6 42. Nb3 Nc4 43. Bc1 Nb6 44. Na1 Nc7 45. Nc2 Ne6 46. fxg5+ hxg5
47. gxf5 Kxf5 48. Ne3+ Kg6 49. Ng2 Kf5 50. Bd2 Nc7 51. Ne3+ Kg6 52. Be1 Nb5 53.
Bg3 Kh5 54. Nf5 Nc4 55. Ne7 Nb6 56. Nc6 Kg6 57. Be5 Kf5 58. Bb8 Ke6 59. Ke3
Nc4+ 60. Kd3 Nb6 61. Ba7 Nxa7 62. Nxa7 Kf5 63. Ke3 Nc4+ 64. Kf3 Nb6 65. b5 Kf6
66. Kg4 Kg6 67. Nc6 Kf6 68. Ne5 Nc8 69. Nf3 Nd6 70. b6 Ke7 71. Kxg5 Kd7 72.
Ne5+ Kc8 73. Kf6 Nc4 74. h4 Nd6 75. Ke6 Ne8 76. Kxd5 Kb7 77. Nc4 Nf6+ 78. Ke6
Ne8 79. Kf7 1-0

[Event "Contrecoeur op U2000"]
[Site "Contrecoeur CAN"]
[Date "2019.11.03"]
[Round "4.7"]
[White "Hu, Raymond"]
[Black "Wang, Rachel"]
[Result "0-1"]
[WhiteElo "1512"]
[BlackElo "1752"]
[PlyCount "88"]
[EventDate "2019.11.01"]
[EventType "swiss"]
[EventRounds "5"]
[EventCountry "CAN"]

1. e4 c5 2. Nf3 Nc6 3. d4 cxd4 4. Nxd4 Nf6 5. Nc3 e5 6. Ndb5 d6 7. Bg5 a6 8.
Na3 b5 9. Nd5 Be7 10. Bxf6 Bxf6 11. c3 O-O 12. Nc2 Bg5 13. Nce3 Be6 14. Be2 Ne7
15. Bg4 Nxd5 16. Nxd5 Rc8 17. O-O Rc5 18. Nb4 a5 19. Nd3 Rc4 20. Bxe6 fxe6 21.
Qe2 Rf6 22. Rad1 Rh6 23. Nxe5 Bf4 24. Ng4 Bxh2+ 25. Nxh2 Qh4 26. f3 Qxh2+ 27.
Kf2 Rg6 28. Rg1 Qg3+ 29. Ke3 Qg5+ 30. Kf2 Qc5+ 31. Qe3 b4 32. Qxc5 Rxc5 33.
Rxd6 bxc3 34. bxc3 Rxc3 35. Rd2 Rg5 36. Rb1 Rgc5 37. Rdb2 Rc2+ 38. Kg3 Rg5+ 39.
Kh3 Rgxg2 40. Rb8+ Kf7 41. R1b7+ Kf6 42. Rf8+ Kg6 43. Rb6 Kh5 44. Rxe6 g5 0-1

[Event "Contrecoeur op U2000"]
[Site "Contrecoeur CAN"]
[Date "2019.11.03"]
[Round "4.8"]
[White "Wang, Isabelle"]
[Black "Gerard, Patrice"]
[Result "1/2-1/2"]
[WhiteElo "1692"]
[BlackElo "1726"]
[PlyCount "137"]
[EventDate "2019.11.01"]
[EventType "swiss"]
[EventRounds "5"]
[EventCountry "CAN"]

1. e4 c5 2. Nf3 Nc6 3. d4 cxd4 4. Nxd4 Nf6 5. Nc3 e5 6. Ndb5 d6 7. Bg5 a6 8.
Na3 b5 9. Bxf6 gxf6 10. Nd5 Bg7 11. Bd3 Be6 12. O-O Ra7 13. c4 b4 14. Nxb4 Ne7
15. Nd5 Bxd5 16. cxd5 f5 17. Qh5 O-O 18. exf5 Nxd5 19. Rab1 Nf4 20. Qf3 Nxd3
21. Qxd3 d5 22. Rfd1 d4 23. f3 Bh6 24. Qe4 f6 25. Nc4 Qc7 26. b3 Qc5 27. Rd3
Rg7 28. Rb2 Rb8 29. Re2 Re7 30. Re1 Kh8 31. Qh4 Bg5 32. Qe4 Rg8 33. Kh1 a5 34.
Rb1 Rb8 35. Re1 a4 36. Qe2 axb3 37. axb3 Reb7 38. Qc2 Qb4 39. Ra1 Ra7 40. Rb1
Rba8 41. Rdd1 Ra2 42. Rb2 Ra1 43. Rbb1 R8a2 44. Qe4 Rxb1 45. Rxb1 h5 46. Qc6
Qe7 47. Qe6 Qxe6 48. fxe6 Kg7 49. b4 Kf8 50. b5 d3 51. b6 Ra8 52. b7 Rb8 53.
Na5 d2 54. Rd1 f5 55. g3 e4 56. fxe4 fxe4 57. Kg2 Ke8 58. Kf2 Bd8 59. Nc6 Rxb7
60. Rxd2 e3+ 61. Kxe3 Bg5+ 62. Ke2 Bxd2 63. Kxd2 Rb2+ 64. Ke3 Rxh2 65. Kf4 h4
66. gxh4 Rxh4+ 67. Ke5 Rh1 68. Kd6 Rh5 69. Ne5 1/2-1/2

[Event "Contrecoeur op U2000"]
[Site "Contrecoeur CAN"]
[Date "2019.11.03"]
[Round "4.9"]
[White "Levasseur, Sylvain"]
[Black "Kozlov, Guennadi"]
[Result "0-1"]
[WhiteElo "1562"]
[BlackElo "1713"]
[PlyCount "72"]
[EventDate "2019.11.01"]
[EventType "swiss"]
[EventRounds "5"]
[EventCountry "CAN"]

1. e4 e6 2. d4 d5 3. e5 c5 4. c3 Nc6 5. Nf3 Qb6 6. a3 c4 7. Qc2 Na5 8. Bf4 Nb3
9. Ra2 Bd7 10. a4 Ne7 11. Nbd2 Nc6 12. Be2 Nca5 13. O-O Be7 14. Qd1 Rc8 15. h3
Qd8 16. Re1 O-O 17. Nf1 Qe8 18. Ne3 Bxa4 19. Qb1 b5 20. Kh2 Qd7 21. Rg1 b4 22.
Qe1 Rb8 23. g4 bxc3 24. bxc3 Bb5 25. Qf1 Nc6 26. h4 a5 27. g5 g6 28. Ng4 Qa7
29. Nf6+ Kg7 30. h5 Rh8 31. Kg3 a4 32. Rh1 a3 33. Qh3 Ba4 34. Bd1 Nbxd4 35.
Bxa4 Nf5+ 36. Kg4 Qxa4 0-1

[Event "Contrecoeur op U2000"]
[Site "Contrecoeur CAN"]
[Date "2019.11.03"]
[Round "4.10"]
[White "Sonn, Eric"]
[Black "He, Zekai"]
[Result "1-0"]
[WhiteElo "1540"]
[BlackElo "1651"]
[PlyCount "143"]
[EventDate "2019.11.01"]
[EventType "swiss"]
[EventRounds "5"]
[EventCountry "CAN"]

1. e4 c5 2. Nf3 Nc6 3. d4 cxd4 4. Nxd4 Nf6 5. Nc3 e6 6. Nxc6 bxc6 7. Bd3 Be7 8.
O-O O-O 9. Qe2 d5 10. e5 Nd7 11. Re1 h6 12. b3 Nc5 13. Qg4 Kh8 14. Re3 Bg5 15.
Rg3 Nxd3 16. cxd3 f5 17. Bxg5 fxg4 18. Bxd8 Rxd8 19. Rxg4 c5 20. Nb5 Rd7 21.
Nd6 Ba6 22. Rg3 Rf8 23. h4 Rf4 24. h5 Rh4 25. Rc1 Rxh5 26. Rxc5 Rxe5 27. Rc6
Bb7 28. Nxb7 Rxb7 29. Re3 Rxe3 30. fxe3 Re7 31. b4 Kg8 32. a4 Kf7 33. b5 Ke8
34. Kh2 Kd7 35. Kg3 g6 36. Kg4 Kd8 37. a5 Kd7 38. Ra6 Kc8 39. d4 Kb7 40. Kf4
Rf7+ 41. Ke5 Rf2 42. Rxe6 Rxg2 43. Kd6 h5 44. Re7+ Kb8 45. a6 Rc2 46. Rg7 h4
47. Rxg6 h3 48. Rh6 h2 49. Kxd5 Kc7 50. Ke4 Rb2 51. Kf3 Rxb5 52. Rxh2 Ra5 53.
Rh6 Rb5 54. e4 Rb6 55. Rxb6 axb6 56. Ke3 b5 57. Kd3 Kb6 58. a7 Kxa7 59. Kc3 Kb6
60. Kb4 Kc6 61. Ka5 Kd6 62. Kxb5 Ke6 63. Kc6 Ke7 64. d5 Kd8 65. e5 Kc8 66. d6
Kd8 67. e6 Kc8 68. e7 Kb8 69. e8=Q+ Ka7 70. Qe3+ Kb8 71. Kb6 Ka8 72. Qe8# 1-0

[Event "Contrecoeur op U2000"]
[Site "Contrecoeur CAN"]
[Date "2019.11.03"]
[Round "4.11"]
[White "He, Jiaqi"]
[Black "Mai, Deren"]
[Result "1-0"]
[WhiteElo "1626"]
[BlackElo "1638"]
[PlyCount "77"]
[EventDate "2019.11.01"]
[EventType "swiss"]
[EventRounds "5"]
[EventCountry "CAN"]

1. e4 c5 2. Nf3 Nc6 3. d4 cxd4 4. Nxd4 Nf6 5. Nc3 e5 6. Ndb5 d6 7. Bg5 a6 8.
Na3 b5 9. Nd5 Be7 10. Nxe7 Nxe7 11. Bd3 Ng6 12. O-O h6 13. Be3 Rb8 14. h3 O-O
15. c3 Bb7 16. Qc2 Nh5 17. Rfe1 Nhf4 18. Bf1 Qd7 19. Rad1 Qe6 20. b3 Rbd8 21.
c4 b4 22. Nb1 f5 23. Nd2 Kh8 24. Bb6 Rd7 25. Ba5 Rdf7 26. Bxb4 fxe4 27. Nxe4
Bxe4 28. Qxe4 Rd8 29. Re3 d5 30. cxd5 Rxd5 31. Rxd5 Nxd5 32. Bc4 Rf4 33. Qxd5
Qxd5 34. Bxd5 Rxb4 35. Bf7 Nf4 36. Rxe5 Kh7 37. Bc4 Rb6 38. Kh2 Ng6 39. Ra5 1-0

[Event "Contrecoeur op U2000"]
[Site "Contrecoeur CAN"]
[Date "2019.11.03"]
[Round "4.12"]
[White "Lepine, Yannick"]
[Black "Laberge, Luc"]
[Result "1-0"]
[WhiteElo "1632"]
[BlackElo "1518"]
[PlyCount "73"]
[EventDate "2019.11.01"]
[EventType "swiss"]
[EventRounds "5"]
[EventCountry "CAN"]

1. e4 c6 2. d4 d5 3. Nc3 dxe4 4. Nxe4 Bf5 5. Ng3 Bg6 6. Nf3 h6 7. Bc4 e6 8. O-O
Nf6 9. Re1 Bd6 10. Bb3 O-O 11. a3 Nbd7 12. Ba2 Kh8 13. b4 b5 14. Bd2 Nd5 15. c4
bxc4 16. Bxc4 N7b6 17. Ba2 Rc8 18. Ne4 Bb8 19. Nc5 Nd7 20. Qb3 Nxc5 21. dxc5
Qf6 22. Rad1 Rfd8 23. Bb1 Bh5 24. Bc1 Bxf3 25. Qc2 Kg8 26. Qh7+ Kf8 27. gxf3
Bf4 28. Bxf4 Nxf4 29. Kh1 Ke7 30. Qe4 Nd5 31. Qg4 Nc3 32. Rxd8 Rxd8 33. Be4 Rd1
34. Rxd1 Nxd1 35. Kg2 Qb2 36. Qg3 Kd7 37. Qd6+ 1-0

[Event "Contrecoeur op U2000"]
[Site "Contrecoeur CAN"]
[Date "2019.11.03"]
[Round "5.1"]
[White "Letarte-Lavoie, Francis"]
[Black "Latorre, Vincent"]
[Result "1-0"]
[WhiteElo "1703"]
[BlackElo "1852"]
[PlyCount "55"]
[EventDate "2019.11.01"]
[EventType "swiss"]
[EventRounds "5"]
[EventCountry "CAN"]

1. e4 c5 2. Nf3 d6 3. d4 cxd4 4. Nxd4 Nf6 5. Nc3 g6 6. Be3 Bg7 7. f3 Nc6 8. Qd2
Bd7 9. O-O-O O-O 10. g4 Rc8 11. Kb1 Ne5 12. h4 h5 13. gxh5 Nxh5 14. Bh6 Nc4 15.
Bxc4 Rxc4 16. Bxg7 Kxg7 17. Nf5+ Bxf5 18. exf5 Rf4 19. fxg6 fxg6 20. Rhg1 Qe8
21. Qd5 Kh7 22. Qxb7 Rxh4 23. Rxd6 Rxf3 24. Qxf3 exd6 25. Qf2 Qe7 26. Nd5 Qe4
27. Qf7+ Kh8 28. Ne7 1-0